Comprender los medios de comunicación: las extensiones del ser humano
Wedi'i Gadw mewn:
| Prif Awdur: | |
|---|---|
| Fformat: | Llyfr |
| Iaith: | Sbaeneg |
| Cyhoeddwyd: |
Barcelona
Paidós
2009
|
| Rhifyn: | 1a. ed |
| Cyfres: | Bolsillo Paidós, 22
|
| Pynciau: | |
| Tagiau: |
Ychwanegu Tag
Dim Tagiau, Byddwch y cyntaf i dagio'r cofnod hwn!
|
MARC
| LEADER | 00000nam a2200000 a 4500 | ||
|---|---|---|---|
| 001 | UCG3567 | ||
| 003 | CL-VaPUC | ||
| 008 | 100902e20090000SP |||||||||||||||||spa|d | ||
| 020 | |a 9788449322037 | ||
| 082 | 0 | 4 | |a 302.23 |b MCL |2 21 |
| 100 | |a McLuhan, Marshall |e autor |9 311459 | ||
| 245 | 1 | 0 | |a Comprender los medios de comunicación: las extensiones del ser humano |
| 250 | |a 1a. ed | ||
| 300 | |a 411 p | ||
| 942 | |c BK | ||
| 945 | |d 20100902 00:00:00 |a mfarfan | ||
| 260 | |a Barcelona |b Paidós |c 2009 | ||
| 650 | 0 | |a Medios de comunicación de masas |9 257273 | |
| 650 | 0 | |a Comunicación |9 257251 | |
| 650 | 0 | |a Oratoria |9 307605 | |
| 650 | 7 | |a IMPACTO DE LA COMUNICACION |2 CL-VaPUC |9 334456 | |
| 650 | 7 | |a PSICOLOGIA DE LA COMUNICACION |2 CL-VaPUC |9 332059 | |
| 583 | |a last modification |c 20100902 00:00:00 |k Rodrigo Vera | ||
| 490 | 0 | |a Bolsillo Paidós, 22 | |
| 999 | |c 342621 |d 342619 | ||
| 952 | |0 0 |1 0 |4 0 |6 302_230000000000000_MCL_2009 |7 0 |8 A |9 438996 |a FDOPOS |b FDOPOS |d 2019-11-22 |i 4717252 |o 302.23 MCL 2009 |p 4717252 |r 2025-01-22 |w 2019-11-22 |y BK |k MLA | ||